1037 1200 1744 1268 1429 1330 1403 1514 1290 1395 1002 1545 1781 1257 1928 1109 1343 1744 1404 1136 1020 1241 1184 1133 1808 1107 1971 1301 1504 1641 1667 1397 1059 1097 1153 1296 1702 1596 1291 1359 1258 1910 1119 1981 1771 1055 1371 1448 1593 1894 1781 1919 1727 1368 1244 1117 1194 1732 1238 1938 1332 1447 1445 1133 1442 1785 1216 1705 1218 1961 1800 1965 1104 1308 1408 1352 1238 1443 1695 1722 1604 1360 1210 1763 1137 1891 1801 1932 1552 1247 1485 1700 1398 1406 1721 1230 1635 1145 1656 BCNSPRNW ULIB Ver.6.0+V

เปลี่ยนเป็นภาษาไทย

Change to English
 แสดงรายละเอียดบรรณานุกรม
  กลับหน้าหลัก

Brief Record : Get Marc (ISO 2709) : E-mail record : QR code < ปิดหน้าต่าง
LEADER : 00000nam 2200000uu 4500
001    13399111358
003     ULIB
008    110623s2552||||th 000 0 tha d
020    9786165070041
060 04 QU145^bว432ร 2552
100 0  วันทนีย์ เกรียงสินยศ
245 10 รู้กิน-รู้โรค /^cโดยวันทนีย์ เกรียงสินยศ
250    พิมพ์ครั้งที่ 1
260    กรุงเทพฯ :^bหมอชาวบ้าน,^c2552
300    121 หน้า :^bภาพประกอบ ;^c21 ซม.
650  7 โภชนบำบัด
650  7 โรค^xการป้องกันและควบคุม
650  7 อาหารเพื่อสุขภาพ
945    ^p165^l0^i17757
995    กัณชพร
999 ^a ใช้งานได้ทุกระบบ
รายการนี้ยังไม่มีแท็ก
คุณยังไม่ได้ล็อกอิน คุณสามารถมีกิจกรรมร่วมกับเว็บไซต์ได้ แต่ต้องล็อกอินก่อน ::
  ล็อกอิน

รายการสื่อสารสนเทศ

ลำดับที่ ประเภท เลขเรียก/บาร์โค้ด สถานที่ สถานะ
- ไม่พบข้อมูล -

รายการใกล้เคียง
    ผู้แต่ง [วันทนีย์ เกรียงสินยศ]

    หัวเรื่อง [โภชนบำบัด]
    หัวเรื่อง [อาหารเพื่อสุขภาพ]

BibComment


ยังไม่เคยถูกคอมเมนท์

คอมเมนท์ทรัพยากรรายการนี้
  คอมเมนท์: รู้กินรู้โรค โดย..


 Copyright 2026. Bcnsprnw @Library